Po medziregionálnom zasadaní OSN - národných koordinátorov Medzinárodného roku rodiny

Február 1995 Bratislava - zasadanie OSN - národní koordinátori Medzinárodného roku rodiny (MRR). Globálne zhodnotenie MRR. Správa o priebehu MRR na Slovensku. Charakteristika slovenskej rodiny. Sociálna situácia rodín a domácností. Koncepcia rodinnej politiky. Aktivity v rámci MRR na Slovensku.

Salvato in:
Dettagli Bibliografici
Natura: Capitolo di libro
Lingua:slovacco
Soggetti:
Tags: Aggiungi Tag
Nessun Tag, puoi essere il primo ad aggiungerne!!

MARC

LEADER 00000naa a2200000 4500
001 r017198
005 20221213100321.0
041 0 |a slo 
044 |a SK 
245 1 0 |a Po medziregionálnom zasadaní OSN - národných koordinátorov Medzinárodného roku rodiny 
520 |a Február 1995 Bratislava - zasadanie OSN - národní koordinátori Medzinárodného roku rodiny (MRR). Globálne zhodnotenie MRR. Správa o priebehu MRR na Slovensku. Charakteristika slovenskej rodiny. Sociálna situácia rodín a domácností. Koncepcia rodinnej politiky. Aktivity v rámci MRR na Slovensku. 
610 2 0 |a rodina 
610 2 0 |a Medzinárodný rok rodiny 
610 2 0 |a domácnosti 
610 2 0 |a situácia sociálna 
610 2 0 |a Slovensko 
610 2 0 |a OSN 
610 2 0 |a konferencie 
610 2 0 |a Bratislava 
610 2 0 |a 1995